| 000 | 00468nam a2200205Ia 4500 | ||
|---|---|---|---|
| 003 | 0100 | ||
| 008 | 130227s9999 xx 000 0 und d | ||
| 040 | _cARRUPELIB | ||
| 050 | _aBD417.K74 1981 | ||
| 100 | _aKripke, Saul A. | ||
| 245 | _aNaming and necessity | ||
| 250 | _a2nd edition | ||
| 260 | _aOxford | ||
| 260 | _bBlackwell Publishers | ||
| 260 | _C1981 | ||
| 300 | _a172p. | ||
| 300 | _b 22cm. | ||
| 650 | _bIgnatius of Loyola, St | ||
| 942 |
_2lcc _01 |
||
| 999 |
_c3047 _d3047 |
||